Top 100 Tourist Cities - Statistics

General Stats
  • This quiz has been taken 5,424 times
  • The average score is 50 of 100
Answer Stats
Answer % Correct
8 New York City
97%
10 Paris
97%
4 London
96%
26 Los Angeles
96%
12 Rome
93%
36 Tokyo
93%
32 Madrid
91%
35 Berlin
90%
24 Moscow
90%
23 Barcelona
89%
25 Beijing
89%
57 Sydney
87%
29 Amsterdam
82%
39 Cairo
82%
22 Miami
81%
20 Shanghai
80%
3 Bangkok
79%
11 Istanbul
79%
42 Milan
79%
43 San Francisco
79%
47 Dublin
78%
53 Toronto
77%
72 Lisbon
76%
1 Hong Kong
75%
91 Melbourne
75%
13 Dubai
74%
28 Vienna
74%
44 Buenos Aires
73%
48 Seoul
73%
45 Venice
73%
59 Munich
72%
19 Prague
72%
2 Singapore
72%
46 Mexico City
71%
50 Mumbai
71%
68 Brussels
70%
27 Budapest
70%
75 Jakarta
70%
92 Washington D.C.
68%
52 Delhi
66%
37 Warsaw
65%
85 Vancouver
64%
21 Las Vegas
62%
55 St. Petersburg
61%
90 Rio de Janeiro
60%
89 Florence
58%
34 Lima
58%
79 Manila
58%
77 Hanoi
57%
6 Kuala Lumpur
57%
97 Sao Paulo
57%
60 Johannesburg
55%
64 Bucharest
52%
32 Orlando
51%
18 Taipei
50%
81 Auckland
49%
86 Abu Dhabi
48%
95 Frankfurt
48%
87 Kiev
48%
16 Mecca
46%
99 Kolkata
45%
14 Guangzhou
42%
69 Nice
42%
93 Riyadh
40%
30 Sofia
39%
88 Doha
38%
40 Nairobi
37%
61 Cancun
34%
78 Honolulu
33%
74 Marrakech
31%
38 Chennai
30%
5 Macau
27%
33 Ho Chi Minh City
26%
7 Shenzen
25%
15 Phuket
21%
66 Agra
19%
84 Amman
19%
9 Antalya
16%
96 Baku
13%
76 Manama
13%
94 Christchurch
12%
51 Denpasar
12%
70 Chang Mai
11%
67 Jaipur
10%
100 Nanjing
10%
41 Hangzhou
9%
17 Pattaya
7%
65 Punta Cana
7%
82 Siem Reap
4%
98 Harare
3%
71 Sharm el Sheikh
2%
63 Suzhou
2%
56 Burgas
1%
58 Djerba
1%
62 Edirne
1%
80 Guilin
1%
54 Zhuhai
1%
73 East Province
0%
49 Mugla
0%
83 Sousse
0%
No matching quizzes found
Score Distribution
Percent of People with Each Score
Percentile by Number Answered
Your Score History
You have not taken this quiz